| 000 | 00599nam a2200157Ia 4500 | ||
|---|---|---|---|
| 005 | 20250321090554.0 | ||
| 008 | 231217s9999 xx 000 0 und d | ||
| 020 | _a9788130903811 | ||
| 082 | _a658.4093 ROB;1 R | ||
| 100 | _aPhelps, Graham Roberts. | ||
| 245 | 0 | _aWorking smarter : getting more done with less effort time and stress, this could become the bible for time management in the work place | |
| 260 |
_c2009 _bViva Books _aBangalore |
||
| 300 | _ax, 280 | ||
| 650 | _asmarter,getting,more,done,less,effort,time,stress,,this,could,become,bible,time,management,workplace | ||
| 942 | _cAA | ||
| 999 |
_c183890 _d183890 |
||